CHL Teams - Statistics

General Stats
  • This quiz has been taken 856 times
    312 since last reset
  • The average score is 40 of 60
Answer Stats
Hint Answer % Correct
OHL London Knights
89%
WHL Edmonton Oil Kings
84%
QMJHL Victoriaville Tigres
83%
WHL Calgary Hitmen
82%
OHL Erie Otters
82%
OHL Ottawa 67's
82%
WHL Brandon Wheat Kings
81%
WHL Medicine Hat Tigers
80%
QMJHL Halifax Mooseheads
79%
WHL Regina Pats
79%
OHL Kitchener Rangers
77%
OHL Oshawa Generals
76%
WHL Vancouver Giants
76%
WHL Wenatchee Wild
75%
OHL Mississauga Steelheads
72%
OHL Barrie Colts
71%
QMJHL Quebec Remparts
71%
WHL Saskatoon Blades
71%
OHL Brantford Bulldogs
70%
WHL Kelowna Rockets
70%
OHL Sarnia Sting
70%
WHL Seattle Thunderbirds
70%
OHL Soo Greyhounds
70%
WHL Tri-City Americans
70%
QMJHL Saint John Sea Dogs
69%
OHL Windsor Spitfires
69%
OHL North Bay Battalion
68%
OHL Saginaw Spirit
68%
WHL Portland Winterhawks
67%
WHL Victoria Royals
67%
QMJHL Rimouski Oceanic
66%
OHL Guelph Storm
65%
WHL Kamloops Blazers
65%
WHL Red Deer Rebels
65%
OHL Sudbury Wolves
65%
OHL Kingston Frontenacs
64%
WHL Spokane Chiefs
64%
WHL Everett Silvertips
62%
QMJHL Moncton Wildcats
62%
OHL Niagara IceDogs
62%
OHL Peterborough Petes
61%
OHL Owen Sound Attack
60%
QMJHL Acadie-Bathurst Titan
59%
QMJHL Blainville-Boisbriand Armada
59%
QMJHL Charlottetown Islanders
59%
QMJHL Gatineau Olympiques
59%
QMJHL Cape Breton Screaming Eagles
58%
WHL Moose Jaw Warriors
58%
WHL Prince Albert Raiders
58%
OHL Flint Firebirds
57%
WHL Lethbridge Hurricanes
55%
WHL Prince George Cougars
55%
WHL Swift Current Broncos
54%
QMJHL Rouyn-Noranda Huskies
52%
QMJHL Val-d'Or Foreurs
48%
QMJHL Baie-Comeau Drakkar
47%
QMJHL Drummondville Voltigeurs
47%
QMJHL Shawinigan Cataractes
46%
QMJHL Sherbrooke Phoenix
45%
QMJHL Chicoutimi Sagueneens
40%
No matching quizzes found
Score Distribution
Percent of People with Each Score
Percentile by Number Answered
Your Score History
You have not taken this quiz since the last reset